| 000 | 00927nmm a2200277 a 4500 | ||
|---|---|---|---|
| 001 | ocm0002015725 | ||
| 003 | TR-IsHL | ||
| 005 | 20201028180438.0 | ||
| 008 | 181213s2018 tu tur | ||
| 007 | cr cn | ||
| 020 | _a9786052063569 | ||
| 035 |
_a2015725 _b(N$T) |
||
| 050 | 0 | 4 |
_aBF637.S4 _bG5 2018 |
| 090 | 0 | 4 |
_aBF637.S4 _bG5 2018 |
| 100 | 1 | _aGiray, Duygu | |
| 245 | 1 | 0 |
_aGeçmişe teşekkür geleceğe şükür _h[electronic resource] / _cDuygu Giray |
| 250 | _a1. Baskı | ||
| 260 |
_aİstanbul : _bOlimpos Yayınları, _c2018 |
||
| 300 | _a175 p. | ||
| 650 | 4 | _aFelsefe, Psikoloji ve Din | |
| 650 | 4 | _aPhilosophy, Psychology and Religion | |
| 650 | 0 |
_aKişisel Gelişim _x Başarı |
|
| 650 | 0 |
_aPersonaltiy development _x Success |
|
| 650 | 7 |
_aSELF-HELP / Personal Growth / Success _2bisacsh |
|
| 856 | 4 | 0 | _uhttp://search.ebscohost.com/login.aspx?direct=true&scope=site&db=e011xww&AN=2015725 |
| 999 |
_c19142 _d19142 |
||